Allgemeinwissen-Quiz #77 - Statistiken

Allgemein
  • Dieses Quiz wurde 58 mal gespielt
  • Das Durchschnittsergebnis liegt bei 11 aus 20
Antwortstatistiken
Frage Antwort % Korrekt
Welche Initialen liess der römische Statthalter "Pontius Pilatus" oben am Kreuz Christi anbringen? INRI
100%
Welches Wappen gehört zum 1. FC Köln?
90%
Welches Logo gehört zu TripAdvisor?
90%
Welche Brüder waren Pioniere des Motorflugs? Wright
88%
In welchem Land finden 2026 die Olympischen Winterspiele statt? Italien
86%
Die "Leichte Infanterie" der Gebirgstruppe sind die ..? Gebirgsjäger
84%
Welches ist kein typisches Wintergemüse? Zucchini
80%
Auf welchem Bild ist Dubai zu sehen?
68%
Lublin, Lodsch und Oppeln sind Regionen in? Polen
68%
Welches Tier ist auf dem deutschen "Apothekenschild" abgebildet? Äskulapnatter
62%
Welcher Sportler beherrscht die Riesenfelge? Reckturner
54%
Welcher dieser Filmausschnitte stammt aus dem Film "Die Hard"?
52%
Was ist ein Tamarin? Affe
38%
Welcher US-Präsident hielt die Rede "Atoms for Peace"? Dwight D. Eisenhower
34%
Was wird in "Der Herr der Ringe" aus den Menschen, die den Ringen verfallen sind? Nazgûl
34%
"Bei Betrachtung von Schillers Schädel" ist ein Gedicht von ..? Johann Wolfgang v. Goethe
30%
Was ist auch als Glossodynie bekannt? Zungenbrennen
26%
Welches ist der längste Muskel des Menschen? Schneidermuskel
22%
Welcher bekannte Autor schrieb den Roman "Needful Things"? Stephen King
22%
Ein "Astacus astacus" ...? lebt im Wasser
16%
Keine übereinstimmenden Quizze gefunden
Verteilung der Resultate
Anzahl Personen mit jedem Resultat
Perzentil nach korrekt beantworteten Fragen
Ihre Resultats-Entwicklung
Sie haben dieses Quiz noch nicht gespielt